| Tag |
First Indicator |
Second Indicator |
Subfields |
| LEADER |
00000cam a2200000 a 4500 |
| 001 |
in00000088858 |
| 005 |
20151008063302.0 |
| 008 |
810113s1980 gw a b 00010 ger d |
| 020 |
|
|
|a 3515033025
|
| 035 |
|
|
|a (OCoLC)07059964
|
| 035 |
|
|
|9 AAK1945AM
|
| 040 |
|
|
|a NOC
|c NOC
|d TXA
|d UtOrBLW
|
| 041 |
0 |
|
|b eng
|
| 043 |
|
|
|a lnca---
|
| 049 |
|
|
|a TXAM
|c [1804183]
|
| 090 |
|
|
|a QL391.P7
|b S67
|
| 100 |
1 |
|
|a Sopott-Ehlers, Beate.
|
| 245 |
1 |
0 |
|a Zur Systematik und geographischen Verbreitung interstitieller Turbellarien der Kanarischen Inseln /
|c von Beate Ehlers und Ulrich Ehlers.
|
| 264 |
|
1 |
|a Mainz :
|b Akademie der Wissenschaften und der Literatur ;
|a Wiesbaden :
|b F. Steiner,
|c [1980]
|
| 264 |
|
4 |
|c ©1980
|
| 300 |
|
|
|a 23 pages :
|b illustrations ;
|c 24 cm.
|
| 336 |
|
|
|a text
|b txt
|2 rdacontent
|
| 337 |
|
|
|a unmediated
|b n
|2 rdamedia
|
| 338 |
|
|
|a volume
|b nc
|2 rdacarrier
|
| 490 |
1 |
|
|a Mikrofauna des Meeresbodens ;
|v 80
|
| 500 |
|
|
|a Abstract in English.
|
| 500 |
|
|
|a Pages also numbered 573-593.
|
| 504 |
|
|
|a Bibliography: pages 22-23.
|
| 650 |
|
0 |
|a Seriata.
|
| 650 |
|
0 |
|a Turbellaria
|z Canary Islands.
|
| 650 |
|
0 |
|a Platyhelminthes
|z Canary Islands.
|
| 700 |
1 |
|
|a Ehlers, Ulrich.
|
| 830 |
|
0 |
|a Mikrofauna des Meeresbodens ;
|v 80.
|
| 999 |
|
|
|a MARS
|
| 999 |
f |
f |
|s ae4cb237-339d-3767-b8b6-42a1900e4765
|i f39ad645-aba2-30ea-8597-60c4b5298f26
|t 0
|
| 952 |
f |
f |
|p ric
|a Texas A&M University
|b Rellis Campus
|c Joint Library Facility
|d Remote Storage
|t 0
|e QL391.P7 S67
|h Library of Congress classification
|i unmediated -- volume
|m A14806220485
|
| 998 |
f |
f |
|a QL391.P7 S67
|t 0
|l Remote Storage
|